[Event "Aimchess US Rapid Prelim"]
[Site "chess24.com INT"]
[Date "2021.08.30"]
[Round "15.3"]
[White "Vidit, Santosh Gujrathi"]
[Black "Aronian, Levon"]
[Result "1-0"]
[WhiteTitle "GM"]
[BlackTitle "GM"]
[WhiteElo "2726"]
[BlackElo "2782"]
[WhiteFideId "5029465"]
[BlackFideId "13300474"]
[EventDate "2021.08.28"]

1. d4 Nf6 2. c4 e6 3. Nf3 d5 4. Nc3 Bb4 5. Qa4+ Nc6 6. e3 O-O 7. Bd2 dxc4 8.
Bxc4 Bd6 9. Qc2 e5 10. dxe5 Nxe5 11. Nxe5 Bxe5 12. f4 Bxc3 13. Bxc3 Ng4 14. Bd4
c5 15. Bxc5 Re8 16. O-O Nxe3 17. Bxe3 Rxe3 18. Rae1 Rxe1 19. Rxe1 b5 20. Bf1 Be6
21. a3 Rc8 22. Qf2 a6 23. g3 g6 24. h4 Qf6 25. Re5 Rc1 26. Qd2 Rb1 27. Kf2 Bc4
28. Bg2 a5 29. Qd4 Kg7 30. h5 h6 31. hxg6 fxg6 32. a4 Bf7 33. axb5 g5 34. b6
gxf4 35. b7 Rd1 36. Rg5+ 1-0

[Event "Aimchess US Rapid Prelim"]
[Site "chess24.com INT"]
[Date "2021.08.30"]
[Round "15.4"]
[White "Le, Quang Liem"]
[Black "Liang, Awonder"]
[Result "1-0"]
[WhiteTitle "GM"]
[BlackTitle "GM"]
[WhiteElo "2709"]
[BlackElo "2587"]
[WhiteFideId "12401137"]
[BlackFideId "2056437"]
[EventDate "2021.08.28"]

1. e4 c6 2. d4 d5 3. exd5 cxd5 4. Bd3 Nc6 5. c3 Nf6 6. Bf4 Bg4 7. Qb3 Qd7 8. Nd2
e6 9. Ngf3 Bd6 10. Bxd6 Qxd6 11. O-O O-O 12. Rfe1 Bxf3 13. Nxf3 Qc7 14. Qc2 g6
15. g3 Kg7 16. Kg2 Rab8 17. Qe2 a6 18. h4 h5 19. Rac1 Ng4 20. Qd2 Rbe8 21. Re2
Na5 22. Rce1 Nc4 23. Qc1 Nd6 24. Qf4 Qb8 25. Ne5 Nxe5 26. dxe5 Nf5 27. Bxf5 exf5
28. Qd4 Re6 29. Qxd5 Rd8 30. Qf3 b5 31. Qe3 Rd5 32. f4 Qd8 33. Qf3 Rd3 34. Re3
Rd2+ 35. R1e2 Rd1 36. b3 Qd7 37. Kh3 Ra1 38. Rd3 Qa7 39. Red2 Re8 40. Rd7 Qg1
41. Rd1 Rxd1 42. Rxd1 Qc5 43. Kg2 Rc8 44. Rd3 Qa3 45. Qe2 Qc1 46. e6 fxe6 47. c4
Kh6 48. Rd6 Re8 49. Qd2 Qb1 50. c5 Rc8 51. b4 Qe4+ 52. Kh2 a5 53. a3 axb4 54.
axb4 Qb1 55. Rxe6 Ra8 56. Re1 Ra2 57. Rxb1 Rxd2+ 58. Kg1 Rc2 59. Ra1 Rc4 60. Kf2
Kg7 61. Ke3 Kf7 62. Ra7+ Ke6 63. Ra6+ Kf7 64. Rb6 Rxb4 65. Kd3 Ke7 66. Rxg6 Rc4
67. c6 Rc1 68. Kd4 b4 69. Kd5 b3 70. Rg7+ Kd8 71. Rb7 Rc3 72. Kd6 Kc8 73. Ra7
Rd3+ 74. Ke6 Rxg3 75. Kxf5 Rg4 76. Ke5 Rxh4 77. Kd6 Kb8 78. Rb7+ Ka8 79. Rxb3
Rxf4 80. c7 Rf8 81. Kc6 Rf6+ 82. Kd5 Rf8 83. Kc6 Rf6+ 84. Kd7 Rf7+ 85. Kd6 Rf8
86. Rb4 Rg8 87. Kc6 Rg6+ 88. Kc5 Rg5+ 89. Kb6 Rg6+ 90. Ka5 Rg8 91. Ka6 h4 92.
Rb6 h3 93. Rd6 1-0

[Event "Aimchess US Rapid Prelim"]
[Site "chess24.com INT"]
[Date "2021.08.30"]
[Round "15.6"]
[White "Naroditsky, Daniel"]
[Black "Artemiev, Vladislav"]
[Result "1/2-1/2"]
[WhiteTitle "GM"]
[BlackTitle "GM"]
[WhiteElo "2623"]
[BlackElo "2704"]
[WhiteFideId "2026961"]
[BlackFideId "24101605"]
[EventDate "2021.08.28"]

1. e4 e5 2. Nf3 Nc6 3. Bb5 a6 4. Ba4 d6 5. O-O Bd7 6. c4 Nf6 7. Nc3 Be7 8. d4
Nxd4 9. Nxd4 exd4 10. Bxd7+ Nxd7 11. Qxd4 Bf6 12. Qd2 O-O 13. Nd5 Re8 14. Re1
Nc5 15. Nxf6+ Qxf6 16. f3 b5 17. Qc2 Ne6 18. cxb5 axb5 19. Be3 h6 20. a3 Reb8
21. Qd2 Ra6 22. f4 Ra4 23. b4 Qe7 24. Qb2 Rba8 25. Bd2 c5 26. f5 Ng5 27. Bxg5
hxg5 28. bxc5 dxc5 29. Qxb5 Qe5 30. Rac1 Qd4+ 31. Kh1 Rxa3 32. Qxc5 Qxc5 33.
Rxc5 Ra1 34. Rcc1 R1a4 35. e5 Re8 36. e6 fxe6 37. fxe6 Ra6 38. e7 Ra7 39. g3
Raxe7 40. Rxe7 Rxe7 41. Rc5 Re1+ 42. Kg2 Re2+ 43. Kg1 Ra2 44. Rxg5 Ra1+ 45. Kg2
Ra2+ 46. Kh3 Kf7 47. Rg4 g6 48. Rc4 Kf6 49. Rc6+ Kg5 50. Rc5+ Kf6 51. g4 g5 52.
Rf5+ Kg6 53. Kg3 Rb2 54. Rf3 Ra2 55. Rb3 Ra4 56. h3 Kf6 57. Rb6+ Kg7 58. Kf3
Ra3+ 59. Ke4 Rxh3 60. Kf5 Ra3 61. Kxg5 Ra5+ 62. Kh4 Rc5 63. Ra6 Rb5 64. Rc6 Ra5
65. Rb6 Rc5 66. Ra6 Rb5 67. Rc6 Ra5 68. Rb6 1/2-1/2

[Event "Aimchess US Rapid Prelim"]
[Site "chess24.com INT"]
[Date "2021.08.30"]
[Round "15.8"]
[White "Vachier-Lagrave, Maxime"]
[Black "Dominguez Perez, Leinier"]
[Result "1/2-1/2"]
[WhiteTitle "GM"]
[BlackTitle "GM"]
[WhiteElo "2751"]
[BlackElo "2758"]
[WhiteFideId "623539"]
[BlackFideId "3503240"]
[EventDate "2021.08.28"]

1. e4 e5 2. Nf3 Nf6 3. d4 Nxe4 4. Bd3 d5 5. Nxe5 Nd7 6. Nc3 Nxc3 7. bxc3 Nxe5 8.
dxe5 Bc5 9. O-O O-O 10. Qh5 g6 11. Qh6 Re8 12. Bg5 Bf8 13. Bxd8 Bxh6 14. Bxc7
Bf5 15. Rab1 Bxd3 16. cxd3 Rac8 17. Bd6 b6 18. Rb5 Rxc3 19. Rxd5 Rd8 20. f4 Bf8
21. Kf2 Rc6 22. Ke3 Bxd6 23. Rxd6 Rcxd6 24. exd6 Rxd6 25. Rc1 Re6+ 26. Kd2 Kf8
27. g3 b5 28. Rc8+ Kg7 29. d4 Ra6 30. d5 Rxa2+ 31. Kc3 Ra1 32. Kd4 Rd1+ 33. Ke5
b4 34. Rb8 a5 35. Rb5 Rd2 36. d6 h5 37. Rxa5 b3 38. Rb5 b2 39. h3 Kg8 40. Rb8+
Kg7 41. g4 hxg4 42. hxg4 Re2+ 43. Kd5 Rd2+ 44. Kc6 Rc2+ 45. Kd7 Rd2 46. Ke7 Re2+
47. Kd8 Rd2 48. d7 Rc2 49. Rb6 Rd2 50. f5 gxf5 51. gxf5 Rc2 52. f6+ Kg6 53. Rb3
Kxf6 54. Ke8 Re2+ 55. Kf8 Rd2 56. Rb6+ Ke5 57. Ke7 f5 58. Rxb2 Rxd7+ 59. Kxd7 f4
60. Re2+ Kd4 61. Ke6 f3 62. Ra2 Ke3 63. Ke5 f2 64. Ra1 Ke2 65. Ke4 f1=Q 66. Rxf1
Kxf1 1/2-1/2